Exercices préparatoires [pour piano] (Запись № 11779882)

Подробности
000 -МАРКЕР
контрольное поле 02636ncm0a2200409 4500
001 - ИДЕНТИФИКАТОР ЗАПИСИ
контрольное поле RU\NLR\ONIZ\263221
005 - ИДЕНТИФИКАТОР ВЕРСИИ
контрольное поле 20250624030217.0
035 ## - ДРУГИЕ СИСТЕМНЫЕ НОМЕРА
Идентификатор записи (NLR Aleph) 012411848
071 20 - ИЗДАТЕЛЬСКИЙ НОМЕР
Номер, присвоенный агентством A. 99 I.
100 ## - ДАННЫЕ ОБЩЕЙ ОБРАБОТКИ
Данные общей обработки 20201019g19009999|||y0rusy50 ca
101 0# - ЯЗЫК РЕСУРСА
Язык текста, звукозаписи и т.д. русский
-- французский
102 ## - СТРАНА ПУБЛИКАЦИИ ИЛИ ПРОИЗВОДСТВА
Страна публикации Российская Федерация
125 ## - ПОЛЕ КОДИРОВАННЫХ ДАННЫХ: ЗВУКОЗАПИСИ И НОТНЫЕ ИЗДАНИЯ
Форма изложения нотного текста zx
128 ## - ПОЛЕ КОДИРОВАННЫХ ДАННЫХ: МУЗЫКАЛЬНАЯ ФОРМА, ТОНАЛЬНОСТЬ И ЛАД
Музыкальная форма st
145 0# - ПОЛЕ КОДИРОВАННЫХ ДАННЫХ: СРЕДСТВО ИСПОЛНЕНИЯ МУЗЫКАЛЬНОГО ПРОИЗВЕДЕНИЯ (УСТАРЕВШЕЕ)
Тип средства исполнения b
200 1# - ЗАГЛАВИЕ И СВЕДЕНИЯ ОБ ОТВЕТСТВЕННОСТИ
Основное заглавие Exercices préparatoires [pour piano]
Общее обозначение материала Ноты
Сведения, относящиеся к заглавию servant à acquérir une indépendance et égalité des doigts possible
-- op. 16
Первые сведения об ответственности par A. Schmitt
210 ## - ПУБЛИКАЦИЯ, РАСПРОСТРАНЕНИЕ И ДР.
Место издания, распространения и т.д. С. Петербург
Имя издателя, распространителя и т. д. у А. Jогансена
Место издания, распространения и т.д. Москва
Имя издателя, распространителя и т. д. у А. Гутхейль
Дата издания, распространения и т.д. [190-]
215 ## - ФИЗИЧЕСКАЯ ХАРАКТЕРИСТИКА
Специфическое обозначение материала и объем 11 с.
Размеры 34 см
225 1# - СЕРИЯ
Основное заглавие серии Выбор этюдов и упражнений для фортепиано, принятых в главнейших консерваториях и музыкальных школах
313 ## - ПРИМЕЧАНИЯ, ОТНОСЯЩИЕСЯ К ТЕМАТИЧЕСКОМУ ДОСТУПУ
Текст примечания Систематизация документа проведена по изданию - Методика классифицирования музыкальных произведений (нотных изданий) по таблицам Библиотечно-библиографических классификаций : метод. рекомендации / Гос. б-ка СССР им. В.И. Ленина.- М., 1977. Индексу ББК методических рекомендаций присваивается код ББК для научных библиотек - LBC/SL
500 00 - УНИФИЦИРОВАННОЕ ЗАГЛАВИЕ
Унифицированное заглавие Подготовительные упражнения для фортепиано (для обретения независимости и равенства пальцев)
Общее обозначение материала Ноты
Цифровое обозначение (для музыкальных произведений) Op. 16
Средства исполнения (для музыкальных произведений) Фортепиано
606 1# - НАИМЕНОВАНИЕ ТЕМЫ КАК ПРЕДМЕТ
Наименование темы Учебно-педагогический репертуар для фортепиано
Географический подзаголовок Германия
Хронологический подзаголовок 19-20 вв.
Формальный подзаголовок Ноты
Код системы nlr_sh
606 1# - НАИМЕНОВАНИЕ ТЕМЫ КАК ПРЕДМЕТ
Наименование темы Упражнения для фортепиано
Географический подзаголовок Германия
Хронологический подзаголовок 19-20 вв.
Формальный подзаголовок Ноты
-- Учебно-методические пособия
Код системы nlr_sh
686 ## - ИНДЕКСЫ ДРУГИХ КЛАССИФИКАЦИЙ
Индекс Щ954.294(4Г)
Издание LBC/SL
Код системы
700 #1 - ИМЯ ЛИЦА - ПЕРВИЧНАЯ ОТВЕТСТВЕННОСТЬ
Системный номер авторитетной/нормативной записи z01790
Начальный элемент ввода Шмитт
Часть имени, кроме начального элемента ввода А.
Даты 1827-1902
Расширение инициалов личного имени Алоис
Код отношения Композитор
Графика поля Кириллица
703 #1 - ИМЯ ЛИЦА - ПРОИСХОЖДЕНИЕ ИЛИ ВЛАДЕЛЕЦ
Системный номер авторитетной/нормативной записи z02790
Начальный элемент ввода Беляев
Часть имени, кроме начального элемента ввода В. М.
Дополнения к именам, кроме дат музыковед
Даты 1888-1968
Расширение инициалов личного имени Виктор Михайлович
Код отношения Бывший владелец
790 #1 - ИМЯ ЛИЦА - АЛЬТЕРНАТИВНАЯ ФОРМА
Системный номер авторитетной/нормативной записи z01700
Начальный элемент ввода Schmitt
Часть имени, кроме начального элемента ввода A.
Даты 1827-1902
Расширение инициалов личного имени Alois
Код отношения Композитор
Графика поля Латинская
790 #1 - ИМЯ ЛИЦА - АЛЬТЕРНАТИВНАЯ ФОРМА
Системный номер авторитетной/нормативной записи z02703
Начальный элемент ввода Beljaev
Часть имени, кроме начального элемента ввода V. M.
Даты 1888-1968
Расширение инициалов личного имени Viktor Mihailovič
Код отношения Бывший владелец
Графика поля Латинская
801 #0 - ИСТОЧНИК ЗАПИСИ
Страна Российская Федерация
Организация NLR
Дата составления 20201019
Правила каталогизации PSBO
801 #1 - ИСТОЧНИК ЗАПИСИ
Страна Российская Федерация
Организация NLR
Дата составления 20201019
Источник данных rusmarc
801 #2 - ИСТОЧНИК ЗАПИСИ
Страна Российская Федерация
Организация NLR
Дата составления 20201114
852 ## - МЕСТОНАХОЖДЕНИЕ И ШИФР ХРАНЕНИЯ
Идентификатор организации NLR
Наименование фонда или коллекции (Sub-Location Identifier) М
Шифр хранения (Call Number) Бел-4/102
Страна
Номер экземпляра 1
942 ## - ДОПОЛНИТЕЛЬНЫЕ ЭЛЕМЕНТЫ ЗАПИСИ (АБИС)
Тип экземпляра АБИС Ноты
980 ## - КОЛЛЕКЦИЯ
Название коллекции Национальная библиография
980 ## - КОЛЛЕКЦИЯ
Название коллекции Отдел нот и звукозаписей
Экземпляры
Тип экземпляра Дата поступления Библиотека постоянного хранения Библиотека текущего хранения Место хранения Шифр хранения Статус экземпляра
Ноты 19.10.2020 РНБ (Московский) РНБ (Московский) Фонд нот и звукозаписей Бел-4/102 Бел-4/102